| 000 | 00799nam a2200229 i 4500 | ||
|---|---|---|---|
| 001 | 189307 | ||
| 003 | SpMaBN | ||
| 005 | 20230906223437.0 | ||
| 008 | 190522s1973 sp |||| | spa d | ||
| 020 | _a84-7071-280-2 | ||
| 080 | _a223.017 | ||
| 100 | 1 |
_aRad, Gerhard von. _994901 |
|
| 245 | 1 | 3 |
_aLa sabiduría en Israel _b: los sapienciales, lo sapiencial / Gerhard von Rad ; [traducción por José María Bernáldez Montalvo]. |
| 260 |
_aMadrid : _bFax, _c[1973] |
||
| 300 |
_a426 p. ; _c22 cm. |
||
| 490 | 1 |
_aActualidad bíblica ; _v31 |
|
| 630 | 0 | 7 |
_aBiblia. _pA.T. _pLibros sapienciales- _xCrítica e interpretación. _9167081 |
| 700 | 1 |
_aBernáldez Montalvo, José María. _9153063 |
|
| 830 | 0 |
_aActualidad bíblica ; _v31 _9193281 |
|
| 852 |
_aES-MaACL _jJ-9(27) |
||
| 999 |
_c189307 _d189307 |
||